Ľudský kapitál a jeho vplyv na rozvoj regiónu v Slovenskej republike

Vzťah ľudského kapitálu k zamestnanosti, k technológiám a k ekonomickej výkonnosti v jednotlivých regiónoch SR. Testovanie uvedených vzťahov pomocou korelačnej analýzy.

Gespeichert in:
Bibliographische Detailangaben
1. Verfasser: Ivaničková, Alžbeta
Weitere Verfasser: Vlčková, Viera
Format: Buchkapitel
Sprache:Slowakisch
Schlagworte:
Tags: Tag hinzufügen
Keine Tags, Fügen Sie das erste Tag hinzu!

MARC

LEADER 00000naa a2200000 4500
001 0147570
005 20240502072650.4
041 0 |a slo 
044 |a SK 
245 1 0 |a Ľudský kapitál a jeho vplyv na rozvoj regiónu v Slovenskej republike  |c Alžbeta Ivaničková, Viera Vlčková 
520 |a Vzťah ľudského kapitálu k zamestnanosti, k technológiám a k ekonomickej výkonnosti v jednotlivých regiónoch SR. Testovanie uvedených vzťahov pomocou korelačnej analýzy. 
610 2 0 |a analýza korelačná 
610 2 0 |a Slovensko 
610 2 0 |a politika regionálna 
610 2 0 |a výkonnosť ekonomiky 
610 2 0 |a zamestnanosť 
610 2 0 |a kapitál ľudský 
100 1 |a Ivaničková, Alžbeta 
700 1 |a Vlčková, Viera